| 000 | 00375nam a2200157Ia 4500 | ||
|---|---|---|---|
| 100 | _aBhattacharya/D.K/ Sharma/Rajnish | ||
| 650 | _aElectronic devices | ||
| 942 | _cBK | ||
| 366 | _f25 | ||
| 245 | _aSolid state electronic devices | ||
| 260 |
_bOxford university press _c2007 |
||
| 082 |
_a621.381 _bBHA |
||
| 300 | _a537 | ||
| 546 |
_aENGLISH _cPAMPHALETS |
||
| 999 |
_c28370 _d28370 |
||